logo

Bir Sreshtho Munshi Abdur Rouf Library
Jhenaidah Cadet College

The power of focus / (Record no. 1913)

MARC details
000 -LEADER
fixed length control field 01130nam a2200313 a 4500
001 - CONTROL NUMBER
JCCL Control Number 1913
003 - CONTROL NUMBER IDENTIFIER
JCCL marc code BD-JhCC
005 - DATE AND TIME OF LATEST TRANSACTION
control field 20200329134008.0
008 - FIXED-LENGTH DATA ELEMENTS--GENERAL INFORMATION
fixed length control field 991209s2000 flua b a 000 0 eng
020 ## - INTERNATIONAL STANDARD BOOK NUMBER
International Standard Book Number 1558747524
035 ## - SYSTEM CONTROL NUMBER
system control number (BD-JhCC)1913
040 ## - CATALOGING SOURCE
Original cataloging agency DLC
Transcribing agency DLC
Modifying agency DLC
041 ## - LANGUAGE CODE
Language code of Book eng
050 00 - LIBRARY OF CONGRESS CALL NUMBER
Classification number BF637.S8
Item number C2775 2000
082 00 - DEWEY DECIMAL CLASSIFICATION NUMBER
Classification number 158.1
DDC Edition number 21
Author mark and Year CAN 2000
100 1# - MAIN ENTRY--PERSONAL NAME
Personal name Canfield, Jack,
Dates associated with a name 1944-
245 14 - TITLE STATEMENT
Title The power of focus /
Statement of responsibility, etc Jack Canfield, Mark Victor Hansen, Les Hewitt.
260 ## - PUBLICATION, DISTRIBUTION, ETC. (IMPRINT)
Place of publication, distribution, etc Deerfield Beach, Fla. :
Name of publisher, distributor, etc Health Communications,
Date of publication, distribution, etc c2000.
300 ## - PHYSICAL DESCRIPTION
Pagination xxi, 310 p. :
Other physical details ill. ; 22 cm.
504 ## - BIBLIOGRAPHY, ETC. NOTE
Bibliography, etc Includes bibliographical references (p. 303-307).
650 #0 - SUBJECT ADDED ENTRY--TOPICAL TERM
Topical term or geographic name as entry element Success
General subdivision Psychological aspects.
700 1# - ADDED ENTRY--PERSONAL NAME
Personal name Hansen, Mark Victor.
700 1# - ADDED ENTRY--PERSONAL NAME
Personal name Hewitt, Les.
856 42 - ELECTRONIC LOCATION AND ACCESS
Materials specified Publisher description
Uniform Resource Identifier http://www.loc.gov/catdir/enhancements/fy0727/99089886-d.html
856 41 - ELECTRONIC LOCATION AND ACCESS
Materials specified Sample text
Uniform Resource Identifier http://www.loc.gov/catdir/enhancements/fy0727/99089886-s.html
856 42 - ELECTRONIC LOCATION AND ACCESS
Materials specified Contributor biographical information
Uniform Resource Identifier http://www.loc.gov/catdir/enhancements/fy0735/99089886-b.html
942 ## - ADDED ENTRY ELEMENTS (KOHA)
Source of classification or shelving scheme Dewey Decimal Classification
Koha item type Books
Koha issues (borrowed), all copies 2
Holdings
Source of classification or shelving scheme Damaged status Not for loan Home library Current library Shelving location Date of accession Total Checkouts Full call number Barcode Date last seen Date checked out Copy number Koha item type
Dewey Decimal Classification     JCC Rouf Library JCC Rouf Library General Stacks 10/26/2017 6 158.1 CAN 2000 2603 03/06/2024 03/03/2024 C-1 Books

JCC Library | Contacts | JCC Home

Last Update on 23 September 2017
Copyright @ 2017-2020 JCC Rouf Library
Rouf Library, Jhenidah Cadet College (JCC), Bangladesh